000 00748nam a22002417a 4500
003 OSt
005 20260530113910.0
008 260420b2005 sp |||| |||| 00| 0 spa d
040 _aICI
_bspa
_cICI
050 4 _aLB1027
_bG3718
100 1 _aGardner, Howard,
_eautor
_933252
240 _aFive minds of the future.
_lEspañol
245 1 4 _aLas cinco mentes del futuro :
_bun ensayo educativo /
_cHoward Gardner
264 _aBarcelona :
_bPaidós,
_cc2005
300 _a113 páginas
_c17 cm.
336 _2rdacontent
_atexto
337 _2rdamedia
_asin medio
338 _2rdacarrier
_avolumen
490 0 _aPaidós asterisco ;
_v 11
500 _aTraducción de: Five minds of the future
650 4 _aEducación
_924402
942 _2lcc
_n0
_cBK
999 _c12093
_d12093